000 00262nam a2200109Ia 4500
005 20251222154439.0
008 251222s9999||||xx |||||||||||||| ||spa||
082 _a868.9/P66V
100 _a"Pla, Josep"
245 0 _aUn viaje frustrado - contrabando
942 _cLIB
999 _c36710
_d36710